Kom Firin II : the urban fabric and landscape /

محفوظ في:

المؤلف الرئيسي: Spencer, Neal (مؤلف)

مؤلفون آخرون: Bunbury, J.

التنسيق: كتاب

اللغة: English

منشور في: London : British Museum, [2014].

سلاسل: Research publication (British Museum) ; 192.

الموضوعات:

الوسوم: إضافة وسم

لا توجد وسوم, كن أول من يضع وسما على هذه التسجيلة!

رقم الطلب: DT73 .K64 S64 v.2

LEADER 01155nam a22003017a 4500
003 OSt
005 20251209083659.0
008 251209t2014 enkabe g b 000 0 eng d
020 |a 9780861591923 (pbk.) 
040 |c ARCE Library 
043 |a f-ua--- 
050 1 4 |a DT73 .K64  |b S64 v.2 
100 1 |a Spencer, Neal,   |e author 
245 1 0 |a Kom Firin II :   |b the urban fabric and landscape /   |c by Neal Spencer ; with contributions by Judith Bunbury and 4 others. 
264 1 |a London :   |b British Museum,   |c [2014]. 
264 4 |c ©2014. 
300 |a vi, 469 pages :   |b illustrations (some color), maps, plans (some color, folded) ;   |c 30 cm.  
490 1 |a Research publication (British Museum) ;   |v 192. 
504 |a Includes bibliographical references (pages 463-469). 
650 0 |a Excavations (Archaeology)  |z Egypt  |z Kom Firin Site. 
650 0 |a Urban ecology (Sociology)  |z Egypt  |z Kom Firin Site. 
650 0 |a Landscape archaeology  |z Egypt  |z Kom Firin Site.  
651 0 |a Kom Firin Site (Egypt) 
700 1 |a Bunbury, J.  |q (Judith) 
830 0 |a Research publication (British Museum) ;   |v 192. 
901 |a reviewed 
942 |c BK  |2 lcc 
999 |c 27931  |d 27931